Statistics for Asian Cities by Map #1

Click here to take the quiz!

General Stats

  • This quiz has been taken 29,523 times
  • The average score is 30 of 40

Answers on the Map

Answers color-coded by a green-red scale on the quiz's map according to % correct below.
 

Answer Stats

City% Correct
Tokyo
98%
Seoul
96%
Beijing
95%
Delhi
93%
Shanghai
92%
Jakarta
91%
Ankara
90%
Manila
90%
Osaka
90%
Bangkok
89%
Dubai
89%
Guangzhou
89%
Mumbai
89%
Pyongyang
88%
Singapore
88%
Taipei
87%
Tehran
86%
Islamabad
84%
Ulaanbaatar
83%
Ho Chi Minh City
82%
Riyadh
82%
Kabul
81%
Kathmandu
79%
Tel Aviv
77%
Baku
71%
Karachi
70%
Kolkata
69%
Phnom Penh
67%
Muscat
66%
Male
61%
Busan
55%
Lahore
55%
Tashkent
53%
Jeddah
52%
Wuhan
51%
Aleppo
50%
Chengdu
37%
Antalya
33%
Xiamen
32%
Mandalay
24%

Score Distribution

Percentile by Number Answered

Percent of People with Each Score

Your Score History

You have not taken this quiz